| 000 | 00428nam a2200145 a 4500 | ||
|---|---|---|---|
| 001 | 000033092 | ||
| 005 | 20200930070025.0 | ||
| 008 | 110817s1937 pr 000 0 spa d | ||
| 040 |
_aDO-SdBNP _bspa _cBNPHU |
||
| 100 | 1 |
_aEchavarría, Colón _957906 |
|
| 245 | 1 | 0 |
_aNo hay peligro en seguirlo... / _cColón Echavarría. |
| 260 |
_aSan Juan, Puerto Rico : _bImp. Puerto Rico, _c1937. |
||
| 300 |
_a174 p. ; _c20 cm. |
||
| 049 | _aBNPD | ||
| 999 |
_c32583 _d32583 |
||